000 00523nam a2200193Ia 4500
003 IIN
005 20250428123446.0
008 250428s9999 xx 000 0 und d
020 _cRs.675.00
_a9789390619139
040 _aIIN
_bEnglish
082 _a362
_bSON
100 1 _aSoni, Samata
245 1 _aNational Health Programmes and Policies (2020-21)
_cSamta Soni
260 _bCBS
_aNew Delhi
_c2022
300 _axxix, 693 p.
650 1 _aCommunity Health Nursing
650 1 _aHealth Progammes
942 _cBOOK
999 _c1753
_d1753